|
|
|
|
| LEADER |
00994nam a22002537a 4500 |
| 001 |
AAL1069 |
| 003 |
BD-DhAAL |
| 005 |
20160102221937.0 |
| 008 |
160102m19981993ii a|||| b||| 001 0 eng d |
| 020 |
|
|
|a 0195645634
|
| 040 |
|
|
|a BD-DhAAL
|c BD-DhAAL
|
| 082 |
|
|
|a 954.0350924
|
| 100 |
|
|
|a Dalton, Dennis
|9 17139
|
| 245 |
|
|
|a Gandhi's power, nonviolence in action /
|c Dennis Dalton
|
| 260 |
|
|
|a New Delhi :
|b Oxford University Press,
|c 1998.
|
| 300 |
|
|
|a xii, 279 p. :
|b ill. ;
|c 22 cm.
|
| 504 |
|
|
|6 Includes bibliography and index.
|
| 541 |
|
|
|e 1069
|
| 600 |
|
|
|a Gandhi, -- Mahatma, -- 1869-1948.
|9 17140
|
| 650 |
|
|
|a Statesmen
|x Biography.
|z India
|9 17141
|
| 650 |
|
|
|a Nationalists
|x Biography.
|z India
|9 17142
|
| 942 |
|
|
|2 ddc
|c BK
|
| 999 |
|
|
|c 36532
|d 36532
|
| 952 |
|
|
|0 0
|1 0
|2 ddc
|4 0
|6 954_035092400000000_DAL
|7 0
|9 57478
|a SCL
|b SCL
|c GEN
|d 2016-01-02
|g 348.00
|l 11
|m 1
|o 954.0350924 DAL
|p 3020001069
|r 2025-11-30
|s 2025-11-25
|t 1
|w 2016-01-02
|y BK
|x 'The mentioned price is BDT conversion, actual price was RS295'
|